000 00883nam a2200193Ia 4500
008 151121s9999||||xx |||||||||||||| ||und||
082 _a294।5-/मेहता
082 _bHNW-11183
100 _aमेहता बा।-अनु
245 _aहिंदुधर्माचीं मूलतत्त्वें आणि पुनर्घटना
260 _b"सुलभ राष्ट्रीय ग्रंथमाला, पुणे।"
260 _c--
300 _a145
600 _aमेहता बा।-अनु
630 _aहिंदुधर्माचीं मूलतत्त्वें आणि पुनर्घटना
700 _aमेहता बा।-अनु
730 _aहिंदुधर्माचीं मूलतत्त्वें आणि पुनर्घटना
942 _cBOOK
999 _c1216136
_d1216133